Die Evangelische Kirche in Otzenrath, 2, Das Kirchengebäude: eine Dokumentation

Gespeichert in:  
Bibliographische Detailangaben
1. VerfasserIn: Staatz, Peter 1963- (Verfasst von)
Medienart: Druck Aufsatz
Sprache:Deutsch
Verfügbarkeit prüfen: HBZ Gateway
Fernleihe:Fernleihe für die Fachinformationsdienste
Veröffentlicht: 2008
In: Monatshefte für evangelische Kirchengeschichte des Rheinlandes
Jahr: 2008, Band: 57, Seiten: 185-198
normierte Schlagwort(-folgen):B Otzenrath / Kirchenbau / Evangelische Kirche / Geschichte 1910-2001
IxTheo Notationen:CE Christliche Kunst
KAJ Kirchengeschichte 1914-; neueste Zeit
KBB Deutsches Sprachgebiet
KDD Evangelische Kirche

MARC

LEADER 00000caa a22000002c 4500
001 1634061837
003 DE-627
005 20220616104105.0
007 tu
008 131105s2008 xx ||||| 00| ||ger c
035 |a (DE-627)1634061837 
035 |a (DE-576)395391954 
035 |a (DE-599)BSZ395391954 
040 |a DE-627  |b ger  |c DE-627  |e rakwb 
041 |a ger 
084 |a 1  |2 ssgn 
100 1 |0 (DE-588)114040583  |0 (DE-627)570556023  |0 (DE-576)289783658  |4 aut  |a Staatz, Peter  |d 1963- 
109 |a Staatz, Peter 1963- 
245 1 4 |a Die Evangelische Kirche in Otzenrath, 2, Das Kirchengebäude  |b eine Dokumentation  |c von Peter Staatz 
264 1 |c 2008 
336 |a Text  |b txt  |2 rdacontent 
337 |a ohne Hilfsmittel zu benutzen  |b n  |2 rdamedia 
338 |a Band  |b nc  |2 rdacarrier 
500 |a Teil 1 in MEKGR 56 (2007), S. 107-128 
500 |a Mit 12 Abbildungen 
601 |a Evangeliar 
601 |a Dokumentation 
652 |a CE:KAJ:KBB:KDD 
689 0 0 |d g  |0 (DE-588)4814004-1  |0 (DE-627)478962932  |0 (DE-576)216654033  |2 gnd  |a Otzenrath 
689 0 1 |d s  |0 (DE-588)4073436-5  |0 (DE-627)104791268  |0 (DE-576)209190450  |2 gnd  |a Kirchenbau 
689 0 2 |d s  |0 (DE-588)4015833-0  |0 (DE-627)106335138  |0 (DE-576)208913718  |2 gnd  |a Evangelische Kirche 
689 0 3 |q z  |2 gnd  |a Geschichte 1910-2001 
689 0 |5 (DE-627) 
773 0 8 |i In  |t Monatshefte für evangelische Kirchengeschichte des Rheinlandes  |d Bonn : Habelt, 1952  |g 57(2008), Seite 185-198  |w (DE-627)129492159  |w (DE-600)206465-0  |w (DE-576)014887576  |x 0540-6226  |7 nnas 
773 1 8 |g volume:57  |g year:2008  |g pages:185-198 
935 |a mteo 
951 |a AR 
ELC |b 1 
ITA |a 1  |t 1 
LOK |0 000 xxxxxcx a22 zn 4500 
LOK |0 001 3288557916 
LOK |0 003 DE-627 
LOK |0 004 1634061837 
LOK |0 005 20180514094746 
LOK |0 008 160404||||||||||||||||ger||||||| 
LOK |0 040   |a DE-Tue135  |c DE-627  |d DE-Tue135 
LOK |0 092   |o n 
LOK |0 852   |a DE-Tue135 
LOK |0 852 1  |9 00 
LOK |0 935   |a ixzs  |a ixmi 
LOK |0 936ln  |0 1442044721  |a KBB 
LOK |0 936ln  |0 1442050047  |a KDD 
LOK |0 936ln  |0 1442043881  |a CE 
LOK |0 936ln  |0 1442044640  |a KAJ 
LOK |0 939   |a 04-04-16  |b l01 
ORI |a SA-MARC-ixtheoa001.raw 
REF |a Evangelische Kirchengeschichte 
STA 0 0 |a Church building,Church building,Church space,Architecture,Liturgical space,Church architecture,Protestant Church,Protestant Church,Protestant Church,Evangelical Church 
STB 0 0 |a Église protestante,Église protestante,Église,Église,Architecture religieuse 
STC 0 0 |a Iglesia evangélica,Iglesia evangélica,Iglesia,Iglesia 
STD 0 0 |a Chiesa evangelica,Chiesa evangelica,Edificio della chiesa <motivo>,Edificio della chiesa,Chiesa (edificio),Chiesa,Chiesa (edificio, motivo),Chiesa 
STE 0 0 |a 教堂建筑,教堂建筑,礼拜堂,教堂,礼拜堂,教堂,新教教会 
STF 0 0 |a 教堂建築,教堂建築,禮拜堂,教堂,禮拜堂,教堂,新教教會 
STG 0 0 |a Igreja evangélica,Igreja evangélica,Igreja,Igreja 
STH 0 0 |a Евангелическая церковь (мотив),Евангелическая церковь,Строение церкви (мотив),Строение церкви 
STI 0 0 |a Εκκλησιαστικό κτήριο <μοτίβο>,Εκκλησιαστικό κτήριο,Εκκλησία (κτήριο),Εκκλησία (κτήριο, μοτίβο),Ευαγγελική Εκκλησία (μοτίβο),Ευαγγελική Εκκλησία 
SYG 0 0 |a Gotteshaus,Kirche <Gebäude>,Kirchengebäude,Kirchenraum,Kirchen <Gebäude>,Gotteshaus,Kirche,Kirchengebäude,Kirchenraum,Kirchen , Evangelische Kirche in Karlsruhe , Protestant Church,Eglise protestante , Waldkapelle Klosterreichenbach,Petruskirche Heselbach,Drei-Meister-Kirche Helmershausen,Ev. Kirche,Evangelische Stadtkirche,Sankt Nikolaus,Nikolaikirche Elmshorn,Sankt Gereon,Schurwald-Kirchlein Aichschiess,Sankt Gereon und Margaretha,Evangelische Kirche Werden 
TIM |a 100019100101_100020011231  |b Geschichte 1910-2001